Organizational behavior : (Record no. 45401)

MARC details
000 -LEADER
fixed length control field 00885nam a22002177a 4500
008 - FIXED-LENGTH DATA ELEMENTS--GENERAL INFORMATION
fixed length control field 151124b xxu||||| |||| 00| 0 eng d
020 ## - INTERNATIONAL STANDARD BOOK NUMBER
International Standard Book Number 9780138598105
050 ## - LIBRARY OF CONGRESS CALL NUMBER
Classification number HD58.7
Item number .W24 1998
100 ## - MAIN ENTRY--PERSONAL NAME
Personal name Wagner, John A., 1952- 245
245 ## - TITLE STATEMENT
Title Organizational behavior :
Remainder of title securing competitive advantage /
Statement of responsibility, etc John A. Wagner III, John R. Hollenbeck.
250 ## - EDITION STATEMENT
Edition statement 3rd ed.
260 ## - PUBLICATION, DISTRIBUTION, ETC. (IMPRINT)
Place of publication, distribution, etc Upper Saddle River, N.J. :
Name of publisher, distributor, etc Prentice Hall,
Date of publication, distribution, etc 1998.
300 ## - PHYSICAL DESCRIPTION
Extent xix, 444 p. :
Other physical details col. ill. ;
Dimensions 25 cm.
500 ## - GENERAL NOTE
General note Includes bibliographical references and index.
500 ## - GENERAL NOTE
General note Rev. ed. of: Management of organizational behavior. 2nd ed. c1995.
650 ## - SUBJECT ADDED ENTRY--TOPICAL TERM
Topical term or geographic name as entry element Organizational behavior.
650 ## - SUBJECT ADDED ENTRY--TOPICAL TERM
Topical term or geographic name as entry element Organizational behavior
General subdivision Case studies.
700 ## - ADDED ENTRY--PERSONAL NAME
Personal name Hollenbeck, John R.
700 ## - ADDED ENTRY--PERSONAL NAME
Personal name Wagner, John A.,
Dates associated with a name 1952-
Relator term Management of organizational behavior.
942 ## - ADDED ENTRY ELEMENTS (KOHA)
Source of classification or shelving scheme Library of Congress Classification
Item type Book
Holdings
Withdrawn status Lost status Source of classification or shelving scheme Damaged status Not for loan Collection code Home library Current library Shelving location Date acquired Source of acquisition Cost, normal purchase price Total Checkouts Full call number Barcode Date last borrowed Copy number Price effective from Koha item type
    Library of Congress Classification     Non-fiction Bishop Okullu Memorial Library (Limuru Campus) Bishop Okullu Memorial Library (Limuru Campus) General Circulation 24/11/2015 Donation 1000.00 1 HD58.7 .W24 1998 044903 28/07/2017 1 24/11/2015 Book